M. V. Lomonosov v portretach, illustracijach, dokumentach /
Uložené v:
| Ďalší autori: | |
|---|---|
| Médium: | Kniha |
| Jazyk: | Russian |
| Vydané: |
Moskva :
Prosveščenije,
1965.
|
| Vydanie: | 1. izd. |
| ISBN: |
(viaz.) |
| Fyzický popis: |
314 s. + : tb. Leningrad. |
| Tagy: |
Pridať tag
Žiadne tagy, Buďte prvý kto otaguje tento záznam!
|
Titul je dostupný aj v ... 

MARC
| LEADER | 00000nam a22000002a 4500 | ||
|---|---|---|---|
| 001 | 000126321 | ||
| 005 | 20101127150718.0 | ||
| 008 | 100511s1965 ru e rus d | ||
| 020 | |a (viaz.) |c Kčs 24,00 | ||
| 040 | |a SVKKK |b slo |c SVKKK |e AACR2 | ||
| 041 | 0 | |a rus | |
| 044 | |a ru |c RU | ||
| 245 | 0 | 0 | |a M. V. Lomonosov v portretach, illustracijach, dokumentach / |c Zost. V. L. Čenakal. |
| 250 | |a 1. izd. | ||
| 260 | |a Moskva : |b Prosveščenije, |c 1965. | ||
| 300 | |a 314 s. + : |b tb. |a Leningrad. | ||
| 700 | 1 | |a Čenakal, Valentin Lukič |4 com | |
| 910 | |a svkkk | ||
| 998 | |a BK | ||
| 090 | |g SCKHL |k Sklad Pribinova 3. posch. |a V.45306 |j 370757 |i 2720961785 |s Absenčne | ||